000 00610nam a22002057a 4500
003 OSt
005 20150429131953.0
008 150429b xxu||||| |||| 00| 0 eng d
020 _a0727910698
040 _cdnlm
082 _aWS 200 41 1997
100 _aAdvanced life support group
_94335
245 _aAdvanced paediatric life support :
_bThe practical approach /
_cAdvanced life support group
250 _a2nd ed.
260 _aGreat Britain :
_bBMJ publishing groups;
_c1997.
300 _axiii, 306 p :
_bcol.ill;
_c29 cm
504 _aIncludes index
650 _aPaediatrics
_93350
942 _2z
_cSLOAN
999 _c1645
_d1645